000 00561nam a22001817a 4500
999 _c192197
_d192197
005 20220913151329.0
010 _aENG-135060
020 _a9788170990130
_c880.00
035 _aEN-118592
037 _bDBAD/PUB
082 _a930.1
100 _aReddy, V. Rami
245 _aElements Of Prehistory/
_cV. Rami Reddy
260 _aTirupati
_bV. Indira
_c2018
270 _a# 10-20, Sri Saikrishna Nilayam, SVU Teachers' Coop. Building Society, Nalanda Nagar
_bTirupati
_e517502
300 _a159p.
_c25cm(pbk)
942 _2ddc
_cEN
_h930.1
_mRED